[Event "EUR-ch Seniors 50"]
[Site "Prague"]
[Date "2021.09.01"]
[Round "3.4"]
[White "Konopka, Michal"]
[Black "Taborska, Veronika"]
[Result "1-0"]
[WhiteElo "2368"]
[BlackElo "2002"]
[PlyCount "45"]
[EventDate "2021.08.30"]
[EventType "team-tourn"]
[EventRounds "9"]
[EventCountry "CZE"]
[SourceTitle "CBM 204 Extra"]
[Source "ChessBase"]
[SourceDate "2021.11.30"]
[SourceVersion "1"]
[SourceVersionDate "2021.11.30"]
[SourceQuality "1"]
[WhiteTeam "Czech Republic 50"]
[BlackTeam "Czech Republic (Women) 50"]
[WhiteTeamCountry "CZE"]
[BlackTeamCountry "CZE"]

1. d4 d5 2. c4 e6 3. Nf3 c6 4. Qc2 Nf6 5. g3 g6 6. Bg2 Bg7 7. 0-0 0-0 8. Nbd2 Nbd7 9. e4 dxe4 10. Nxe4 Nxe4 11. Qxe4 c5 12. Rd1 cxd4 13. Bg5 Qa5 14. b4 Qxb4 15. Nxd4 Qxc4 16. Rac1 Qxa2 17. Nb5 Qa5 18. Qb1 Nf6 19. Bd2 Qa4 20. Nc7 Rb8 21. Bb4 e5 22. Bxf8 Bf5 23. Qb4 1-0

[Event "World Corporate East A"]
[Site "Chess.com INT"]
[Date "2021.02.20"]
[Round "6.5"]
[White "Kovalevsky, Stanislav"]
[Black "Taborska, Veronika"]
[Result "1-0"]
[WhiteElo "2306"]
[BlackElo "2002"]
[PlyCount "47"]
[EventDate "2021.02.19"]
[EventType "team (rapid)"]
[EventRounds "7"]
[EventCountry "USA"]
[SourceTitle "EXT 2022"]
[Source "ChessBase"]
[SourceDate "2021.10.06"]
[SourceVersion "1"]
[SourceVersionDate "2021.10.06"]
[SourceQuality "1"]
[WhiteTeam "Itransition"]
[BlackTeam "NESS"]
[WhiteTeamCountry "BLR"]
[BlackTeamCountry "CZE"]

1. e4 d6 2. d4 Nf6 3. Nc3 g6 4. g3 Bg7 5. Bg2 0-0 6. Nge2 e5 7. 0-0 exd4 8. Nxd4 Nbd7 9. f4 Nb6 10. h3 Bd7 11. Kh2 Re8 12. a4 a5 13. e5 dxe5 14. fxe5 Rxe5 15. Bf4 Re7 16. Bxb7 Rb8 17. Nc6 Bxc6 18. Bxc6 h6 19. Qf3 Nc4 20. Rad1 Nd6 21. Nb5 Nfe8 22. b3 Rb6 23. c4 Qa8 24. Bxa8 1-0

[Event "Tatry op"]
[Site "Tatranske Zruby"]
[Date "2011.10.01"]
[Round "8"]
[White "Taborska, Veronika"]
[Black "Jablonicky, Frantisek"]
[Result "1/2-1/2"]
[WhiteElo "2024"]
[BlackElo "2187"]
[PlyCount "26"]
[EventDate "2011.09.25"]
[EventType "swiss"]
[EventRounds "9"]
[EventCountry "SVK"]
[SourceTitle "CBM 144 Extra"]
[Source "ChessBase"]
[SourceDate "2011.10.28"]
[SourceVersion "1"]
[SourceVersionDate "2011.10.28"]
[SourceQuality "1"]

1. d4 f5 2. Bg5 c5 3. d5 Qb6 4. Qc1 g6 5. c4 Bg7 6. Nc3 Nf6 7. f3 d6 8. Rb1 h6 9. Bd2 Nbd7 10. e4 Ne5 11. f4 Nf7 12. Bd3 h5 13. Nf3 h4 1/2-1/2

[Event "Tatry op"]
[Site "Tatranske Zruby"]
[Date "2010.10.07"]
[Round "7"]
[White "Siwek, Antonin"]
[Black "Taborska, Veronika"]
[Result "1-0"]
[WhiteElo "1936"]
[BlackElo "2027"]
[PlyCount "97"]
[EventDate "2010.10.02"]
[EventType "swiss"]
[EventRounds "9"]
[EventCountry "SVK"]
[SourceTitle "CBM 138 Extra"]
[Source "ChessBase"]
[SourceDate "2010.10.29"]
[SourceVersion "1"]
[SourceVersionDate "2010.10.29"]
[SourceQuality "1"]

1. Nf3 d5 2. d4 e6 3. e3 c5 4. c4 Nc6 5. Nc3 Nf6 6. a3 a6 7. Bd3 dxc4 8. Bxc4 b5 9. Bb3 c4 10. Bc2 Bb7 11. 0-0 Be7 12. Qe2 0-0 13. Rd1 Qc7 14. e4 Rad8 15. Bg5 h6 16. Bh4 Na5 17. Rac1 Qb6 18. e5 g5 19. exf6 Bxf6 20. Bg3 Bxd4 21. Nxd4 Rxd4 22. Rxd4 Qxd4 23. Be5 Qh4 24. Rd1 g4 25. Bg3 Qg5 26. Qe5 Qxe5 27. Bxe5 f6 28. Bf4 h5 29. Bh6 Rc8 30. Ne4 Bxe4 31. Bxe4 f5 32. Bb1 Nb3 33. Be3 c3 34. bxc3 Rxc3 35. Rd3 Rxd3 36. Bxd3 Kf7 37. Kf1 Kf6 38. Ke1 e5 39. g3 Ke6 40. Bb1 Na5 41. Ba2+ Kd6 42. Kd2 Nc6 43. Kc3 a5 44. Bb6 b4+ 45. axb4 axb4+ 46. Kc4 Kd7 47. Kd5 f4 48. Bc5 fxg3 49. hxg3 1-0

[Event "Tatry op"]
[Site "Tatranske Zruby"]
[Date "2010.10.05"]
[Round "5"]
[White "Taborska, Veronika"]
[Black "Volodin, Viktor Nikolaevich"]
[Result "1/2-1/2"]
[WhiteElo "2027"]
[BlackElo "2219"]
[PlyCount "119"]
[EventDate "2010.10.02"]
[EventType "swiss"]
[EventRounds "9"]
[EventCountry "SVK"]
[SourceTitle "CBM 138 Extra"]
[Source "ChessBase"]
[SourceDate "2010.10.29"]
[SourceVersion "1"]
[SourceVersionDate "2010.10.29"]
[SourceQuality "1"]

1. d4 d5 2. c4 e6 3. Nc3 Nf6 4. cxd5 exd5 5. Bg5 c6 6. Qc2 Be7 7. e3 Bg4 8. Bd3 Bh5 9. Nge2 Bg6 10. Nf4 Bxd3 11. Qxd3 Nbd7 12. 0-0 h6 13. Bxf6 Nxf6 14. Rab1 a5 15. Rfc1 Bd6 16. Nfe2 Qe7 17. Ng3 g6 18. Re1 0-0 19. Nf1 Rfe8 20. f3 Qd7 21. Rbd1 Rad8 22. Qc2 Bb8 23. Na4 Qc7 24. Nc5 Nd7 25. Nd3 Qb6 26. a3 Bd6 27. b4 Qa6 28. Rb1 b5 29. Rec1 Rc8 30. Qd2 Nb6 31. Nc5 Bxc5 32. dxc5 Nc4 33. Qc3 Qa7 34. Re1 Qc7 35. Nd2 Qe5 36. Qxe5 Rxe5 37. Nxc4 bxc4 38. Kf2 Rb8 39. Re2 f5 40. Rd2 Re7 41. Rdb2 Reb7 42. Ke2 Re8 43. Kd2 axb4 44. Rxb4 Rbe7 45. Rb8 Rxe3 46. Rxe8+ Rxe8 47. Rb6 d4 48. Rb4 c3+ 49. Kd3 Rd8 50. Rb6 Kf7 51. Rxc6 Re8 52. Rd6 Re3+ 53. Kc2 Re2+ 54. Kc1 Re5 55. Rxd4 Rxc5 56. Kc2 g5 57. Rd3 Ra5 58. Rxc3 Ra8 59. Kd3 Ra4 60. Ke3 1/2-1/2

[Event "Tatry op"]
[Site "Tatranske Zruby"]
[Date "2010.10.03"]
[Round "2"]
[White "Komlosi, Frantisek"]
[Black "Taborska, Veronika"]
[Result "0-1"]
[WhiteElo "1902"]
[BlackElo "2027"]
[PlyCount "88"]
[EventDate "2010.10.02"]
[EventType "swiss"]
[EventRounds "9"]
[EventCountry "SVK"]
[SourceTitle "CBM 138 Extra"]
[Source "ChessBase"]
[SourceDate "2010.10.29"]
[SourceVersion "1"]
[SourceVersionDate "2010.10.29"]
[SourceQuality "1"]

1. d4 d5 2. c4 e6 3. Nc3 c6 4. e3 Nf6 5. Bd3 Be7 6. Nf3 Nbd7 7. 0-0 Qc7 8. Bd2 0-0 9. Rc1 dxc4 10. Bxc4 e5 11. Qc2 exd4 12. exd4 Nb6 13. Bd3 h6 14. Rfe1 Be6 15. Ne4 Rad8 16. Bc3 Nbd5 17. Ne5 Rfe8 18. Nxf6+ Bxf6 19. Bd2 Qb6 20. Bc3 Bg5 21. Rcd1 Qc7 22. Bf1 Nxc3 23. bxc3 c5 24. Qa4 cxd4 25. cxd4 a6 26. Nf3 Bf6 27. d5 Bd7 28. Qa3 Rxe1 29. Rxe1 Bg4 30. Rc1 Qd6 31. Qb3 Qxd5 32. Bc4 Qd7 33. Be2 Qe7 34. Bc4 b5 35. Bf1 Be6 36. Qb1 Qa3 37. Re1 Qxa2 38. Qe4 Qd5 39. Qc2 a5 40. h3 b4 41. Qa4 b3 42. Rb1 b2 43. Ne1 Bf5 44. Qa2 Qxa2 0-1

[Event "Tatry op"]
[Site "Tatranske Zruby"]
[Date "2006.09.29"]
[Round "8"]
[White "Ruckschloss, Karol"]
[Black "Taborska, Veronika"]
[Result "1-0"]
[WhiteElo "2311"]
[BlackElo "2033"]
[PlyCount "45"]
[EventDate "2006.09.23"]
[EventType "swiss"]
[EventRounds "9"]
[EventCountry "SVK"]
[SourceTitle "CBM 114 Extra"]
[Source "ChessBase"]
[SourceDate "2006.11.03"]
[SourceVersion "1"]
[SourceVersionDate "2006.11.03"]
[SourceQuality "1"]

1. c4 e5 2. Nc3 Nc6 3. g3 f5 4. Bg2 Nf6 5. a3 d6 6. b4 g6 7. Bb2 Bg7 8. d3 0-0 9. Nf3 e4 10. dxe4 Nxe4 11. Qb3 Nxc3 12. Bxc3 Bxc3+ 13. Qxc3 Qf6 14. Rc1 Be6 15. c5 Qxc3+ 16. Rxc3 dxc5 17. Rxc5 a6 18. Ng5 Rfe8 19. Nxe6 Rxe6 20. Bd5 Kf7 21. e3 Kf6 22. Bxe6 Kxe6 23. Ke2 1-0

[Event "Prague ProMoPro op"]
[Site "Prague"]
[Date "2005.09.23"]
[Round "9"]
[White "Zalsky, Petr"]
[Black "Taborska, Veronika"]
[Result "1/2-1/2"]
[WhiteElo "1976"]
[BlackElo "2065"]
[PlyCount "72"]
[EventDate "2005.09.15"]
[EventType "swiss"]
[EventRounds "9"]
[EventCountry "CZE"]
[SourceTitle "CBM 108 Extra"]
[Source "ChessBase"]
[SourceDate "2005.11.04"]
[SourceVersion "1"]
[SourceVersionDate "2005.11.04"]
[SourceQuality "1"]

1. e4 d6 2. d4 Nf6 3. Bd3 e5 4. d5 Nbd7 5. Nd2 g6 6. Ne2 Bg7 7. Ng3 0-0 8. h4 h5 9. Be2 Nc5 10. c4 a5 11. Qc2 Bd7 12. Nf3 c6 13. Ng5 cxd5 14. exd5 Re8 15. Be3 Qc7 16. Rb1 Bg4 17. f3 Bd7 18. b3 Na6 19. a3 Nxd5 20. Bf2 Nf4 21. 0-0 d5 22. Bd3 Nxd3 23. Qxd3 dxc4 24. bxc4 Nc5 25. Qd5 Be6 26. Qxc5 Qxc5 27. Bxc5 Bxc4 28. Rfc1 b5 29. N5e4 Bh6 30. Rd1 Rec8 31. Bf2 Bf8 32. Nf6+ Kg7 33. Nd7 Bxa3 34. Nb6 b4 35. Nxc8 Rxc8 36. Ne4 Ba2 1/2-1/2

[Event "Prague ProMoPro op"]
[Site "Prague"]
[Date "2005.09.17"]
[Round "3"]
[White "Neumanova, Monika"]
[Black "Taborska, Veronika"]
[Result "0-1"]
[WhiteElo "1698"]
[BlackElo "2065"]
[PlyCount "72"]
[EventDate "2005.09.15"]
[EventType "swiss"]
[EventRounds "9"]
[EventCountry "CZE"]
[SourceTitle "CBM 108 Extra"]
[Source "ChessBase"]
[SourceDate "2005.11.04"]
[SourceVersion "1"]
[SourceVersionDate "2005.11.04"]
[SourceQuality "1"]

1. e4 e6 2. d4 d5 3. e5 c5 4. Nf3 Nc6 5. Be2 Qb6 6. c3 cxd4 7. cxd4 Bb4+ 8. Nc3 Nge7 9. a3 Bxc3+ 10. bxc3 Bd7 11. 0-0 Rc8 12. Qd3 Na5 13. Nd2 Qc7 14. Bb2 0-0 15. Rfc1 a6 16. a4 b5 17. Ba3 Rfe8 18. axb5 Bxb5 19. Qf3 Nc4 20. Nxc4 dxc4 21. Qf4 Nd5 22. Qd2 Qd8 23. Rcb1 Qh4 24. Bc1 Rc7 25. Bf3 f6 26. g3 Qh3 27. Bg2 Qf5 28. exf6 gxf6 29. Qe1 Rce7 30. Bd2 Nb6 31. Qc1 e5 32. dxe5 Rxe5 33. Rb4 Re2 34. Be3 R8xe3 35. fxe3 Qf2+ 36. Kh1 Qxg2# 0-1

[Event "Prague ProMoPro op"]
[Site "Prague"]
[Date "2005.09.16"]
[Round "2"]
[White "Taborska, Veronika"]
[Black "Palas, Ales"]
[Result "0-1"]
[WhiteElo "2065"]
[BlackElo "2041"]
[PlyCount "76"]
[EventDate "2005.09.15"]
[EventType "swiss"]
[EventRounds "9"]
[EventCountry "CZE"]
[SourceTitle "CBM 108 Extra"]
[Source "ChessBase"]
[SourceDate "2005.11.04"]
[SourceVersion "1"]
[SourceVersionDate "2005.11.04"]
[SourceQuality "1"]

1. d4 d5 2. c4 dxc4 3. e4 e5 4. d5 Nf6 5. Nc3 c6 6. Bxc4 cxd5 7. exd5 Nbd7 8. Nge2 Bd6 9. 0-0 a6 10. Bg5 Qc7 11. Bb3 0-0 12. Rc1 Qb8 13. Ng3 h6 14. Be3 Nc5 15. Bc2 b5 16. b4 Nb7 17. a3 Ng4 18. Nf5 Bxf5 19. Bxf5 Nf6 20. Qf3 Be7 21. Bb1 Nd6 22. Qg3 Nc4 23. Bxh6 Ne8 24. Ne4 a5 25. Nc5 Qd6 26. Bg5 Bxg5 27. Qxg5 Nxa3 28. Be4 axb4 29. Nd3 Nc4 30. f4 exf4 31. Nxf4 Nf6 32. Nh5 Nxh5 33. Qxh5 g6 34. Qh6 Qe5 35. Rf4 Ra1 36. Rxa1 Qxa1+ 37. Rf1 Qd4+ 38. Kh1 Qxe4 0-1

[Event "Tatry op"]
[Site "Tatranske Zruby"]
[Date "2004.09.27"]
[Round "4"]
[White "Taborska, Veronika"]
[Black "Szamos, Alexander"]
[Result "1/2-1/2"]
[WhiteElo "2089"]
[BlackElo "2262"]
[PlyCount "53"]
[EventDate "2004.09.25"]
[EventType "swiss"]
[EventRounds "9"]
[EventCountry "SVK"]
[SourceTitle "CBM 102 Extra"]
[Source "ChessBase"]
[SourceDate "2004.11.03"]
[SourceVersion "1"]
[SourceVersionDate "2004.11.03"]
[SourceQuality "1"]

1. d4 Nf6 2. c4 e6 3. Nc3 d5 4. Bg5 c6 5. e3 Nbd7 6. cxd5 exd5 7. Bd3 Be7 8. Qc2 b6 9. Nf3 Bb7 10. 0-0 h6 11. Bh4 0-0 12. a3 a5 13. Rfc1 Re8 14. Bf5 c5 15. Na4 c4 16. Nc3 Nf8 17. Bg3 g6 18. Bh3 Bd6 19. Be5 Bc6 20. a4 N6h7 21. Qe2 Ne6 22. Bxd6 Qxd6 23. Bxe6 Qxe6 24. Ne5 Nf6 25. f3 Rad8 26. Re1 Bb7 27. Rad1 1/2-1/2

[Event "CZE-ch (Women)"]
[Site "Luhacovice"]
[Date "2003.02.23"]
[Round "3.7"]
[White "Jinova, Lucie"]
[Black "Taborska, Veronika"]
[Result "1/2-1/2"]
[WhiteElo "2186"]
[BlackElo "2077"]
[PlyCount "45"]
[EventDate "2003.02.21"]
[EventType "swiss"]
[EventRounds "9"]
[EventCountry "CZE"]
[SourceTitle "CBM 092 Extra"]
[Source "ChessBase"]
[SourceDate "2003.03.07"]
[SourceVersion "1"]
[SourceVersionDate "2003.03.07"]
[SourceQuality "1"]

1. e4 e6 2. d4 d5 3. e5 c5 4. c3 Nc6 5. Nf3 Bd7 6. a3 f6 7. Bd3 Qc7 8. exf6 gxf6 9. 0-0 c4 10. Bc2 0-0-0 11. b3 Na5 12. b4 Nc6 13. a4 Bd6 14. Na3 Qb8 15. Re1 Nge7 16. Nb5 Bf4 17. Bxf4 Qxf4 18. Qe2 Rdg8 19. Qe3 Ng6 20. Qxf4 Nxf4 21. g3 Rg7 22. Kf1 Ng6 23. Na3 1/2-1/2

[Event "Klatovy op-A"]
[Site "Klatovy"]
[Date "2002.??.??"]
[Round "?"]
[White "Fales, Anatolij"]
[Black "Taborska, Veronika"]
[Result "1-0"]
[WhiteElo "1910"]
[BlackElo "2060"]
[PlyCount "150"]
[EventDate "2002.??.??"]
[EventType "swiss"]
[EventRounds "9"]
[EventCountry "CZE"]
[SourceTitle "EXT 2005"]
[Source "ChessBase"]
[SourceDate "2004.11.15"]
[SourceVersion "1"]
[SourceVersionDate "2004.11.15"]
[SourceQuality "1"]

1. d4 d5 2. c4 e6 3. Nc3 c6 4. cxd5 exd5 5. Nf3 Bd6 6. Bg5 f6 7. Bh4 Ne7 8. Bg3 0-0 9. e3 Bf5 10. Bd3 Bxd3 11. Qxd3 Na6 12. a3 Ng6 13. b4 Nc7 14. Bxd6 Qxd6 15. b5 f5 16. bxc6 bxc6 17. 0-0 f4 18. e4 dxe4 19. Nxe4 Qd7 20. Rac1 Nd5 21. Neg5 Rac8 22. Nxh7 Rf5 23. Nhg5 Rcf8 24. Rfe1 Nh4 25. Qe4 Nxf3+ 26. Nxf3 R5f6 27. Ne5 Qe8 28. Ng4 Qxe4 29. Rxe4 Rd6 30. Kf1 f3 31. g3 Rb8 32. Ne3 Nc3 33. Rxc3 Rb1+ 34. Nd1 Rxd1+ 35. Re1 R1xd4 36. Rxf3 Rd3 37. Ree3 Rd2 38. Rc3 R2d5 39. Kg2 c5 40. Rc2 Rc6 41. Rfc3 Rf5 42. a4 Kf7 43. Rf3 Ke6 44. Rxf5 Kxf5 45. Kf3 Ke5 46. Ke3 Kd5 47. Kd3 Ra6 48. Rc4 Rb6 49. Kc3 Rb1 50. Rg4 Rc1+ 51. Kd2 Ra1 52. h4 c4 53. Rxg7 Ra2+ 54. Kc3 Rxa4 55. Rg5+ Ke4 56. Rc5 Ra3+ 57. Kxc4 Rf3 58. Rc7 Ke5 59. Rxa7 Rxf2 60. Ra5+ Kf6 61. Rg5 Rd2 62. g4 Rd1 63. Rf5+ Kg6 64. h5+ Kh6 65. Rf6+ Kg7 66. g5 Rh1 67. h6+ Kh7 68. Kd5 Rg1 69. Rf5 Kg6 70. Re5 Ra1 71. Ke4 Ra4+ 72. Kf3 Ra3+ 73. Re3 Ra1 74. Kf4 Ra4+ 75. Re4 Ra6 1-0

[Event "Klatovy op-A"]
[Site "Klatovy"]
[Date "2002.??.??"]
[Round "?"]
[White "Taborska, Veronika"]
[Black "Lexa, Vaclav"]
[Result "1-0"]
[WhiteElo "2060"]
[BlackElo "1840"]
[PlyCount "96"]
[EventDate "2002.??.??"]
[EventType "swiss"]
[EventRounds "9"]
[EventCountry "CZE"]
[SourceTitle "EXT 2005"]
[Source "ChessBase"]
[SourceDate "2004.11.15"]
[SourceVersion "1"]
[SourceVersionDate "2004.11.15"]
[SourceQuality "1"]

1. d4 Nf6 2. c4 g6 3. Nc3 Bg7 4. e4 d6 5. f4 0-0 6. Nf3 c5 7. d5 e6 8. Be2 exd5 9. exd5 Bg4 10. 0-0 Re8 11. Bd3 Nbd7 12. h3 Bxf3 13. Qxf3 Qb6 14. Rb1 Re7 15. Bd2 Rae8 16. b3 a6 17. g4 Qd8 18. Rbe1 h6 19. Rxe7 Rxe7 20. Re1 Rxe1+ 21. Bxe1 Qe7 22. Qe2 Qxe2 23. Nxe2 Kf8 24. Bd2 Ke7 25. Kf2 Kf8 26. Kg3 Ne8 27. h4 Bf6 28. g5 hxg5 29. hxg5 Bb2 30. Kf3 Bg7 31. Ng3 Bb2 32. Bf1 Nc7 33. Ne4 Ke7 34. a4 b6 35. Bh3 Bd4 36. Ng3 f5 37. gxf6+ Nxf6 38. Bf1 Kd7 39. Bd3 b5 40. axb5 axb5 41. Bxg6 bxc4 42. bxc4 Ke7 43. Nf5+ Kd7 44. Nxd4 cxd4 45. Ke2 Ke7 46. Kd3 Nd7 47. Kxd4 Kf6 48. Bc2 Nb6 1-0